Физика. Примеры решения типовых задач. Задания для самостоятельной работы Учебное пособие
В учебном пособии кратко изложены основные положения физики необходимые для решения практических задач подробно изложена методика решения типовых задач по всем темам практических занятий по курсу физики предусмотренным программой обучения в соответствии с требованиями по подготовке бакалавров. Даны...
Gespeichert in:
| 1. Verfasser: | |
|---|---|
| Format: | Учебное пособие |
| Ausgabe: | 1 |
| Online Zugang: | https://znanium.ru/catalog/document?id=465086 https://znanium.ru/cover/2211/2211957.jpg |
| Tags: |
Tag hinzufügen
Keine Tags, Fügen Sie den ersten Tag hinzu!
|
| LEADER | 02869nam0a2200289 i 4500 | ||
|---|---|---|---|
| 001 | RU\infra-m\znanium\bibl\2211957 | ||
| 003 | https://znanium.ru/catalog/document?id=465086 | ||
| 005 | 20250605000000.0 | ||
| 010 | |a 978-5-7972-2637-6 | ||
| 100 | |a 20250605d2025 m y0rusy0150 ca | ||
| 101 | 0 | |a rus | |
| 102 | |a RU | ||
| 200 | 1 | |a Физика. Примеры решения типовых задач. Задания для самостоятельной работы |e Учебное пособие |f Ростовский государственный экономический университет (РИНХ) | |
| 205 | |a 1 | ||
| 210 | 1 | |a Ростов-на-Дону |c Ростовский Государственный Экономический Университет (РГЭУ, бывший РИНХ) |d 2019 | |
| 215 | |a 246 с. | ||
| 330 | |a В учебном пособии кратко изложены основные положения физики необходимые для решения практических задач подробно изложена методика решения типовых задач по всем темам практических занятий по курсу физики предусмотренным программой обучения в соответствии с требованиями по подготовке бакалавров. Даны задачи для самостоятельного решения для всех обучающихся. Издание соответствует требованиям Федерального государственного образовательного стандарта высшего образования по направлению 10.03.01 «Информационная безопасность». Учебное пособие предназначено для студентов факультета компьютерных технологий и информационной безопасности РГЭУ (РИНХ). | ||
| 333 | |a ВО - Бакалавриат | ||
| 606 | |a Физико-математические науки |x Общая физика |2 local | ||
| 608 | |a Учебное пособие |2 local | ||
| 675 | |a 53 |z rus | ||
| 686 | |a 223 |2 rubbk | ||
| 686 | |a 10.03.01 |2 okso | ||
| 700 | 1 | |a Шейдаков |b Н.Е. |g Николай Евгеньевич |p Ростовский государственный экономический университет (РИНХ) | |
| 801 | 0 | |a RU |b Общество с ограниченной ответственностью «ЗНАНИУМ» |c 20250521 |2 rusmarc | |
| 856 | 4 | |a znanium.ru |m ebs_support@infra-m.ru |n НИЦ ИНФРА-М |u https://znanium.ru/catalog/document?id=465086 | |
| 856 | 4 | 1 | |a znanium.ru |d /cover/2211 |f 2211957.jpg |q image/jpeg |u https://znanium.ru/cover/2211/2211957.jpg |